000 01151nam a2200241 a 4500
001 000090311
003 AM-YEHGA
005 20250617122029.0
008 970708s1983 xxuru 0 0 ||| u rus
040 _aAM-YeHGA
041 0 _arus
100 1 0 _aТен Хак Мун, Артур Осонович
245 1 0 _aЗакономерности формирования и стабилизации микробоценозов в почве /
_cТен Хак Мун.
260 _aМосква :
_bНаука,
_c1983.
300 _a105 с. ;
_c21 см.
500 _aВ вып. дан. авт.: Артур Осонович Тен Хак Мун
500 _aВ надзаг.: АН СССР, Дальневост. науч. центр, Хабаров. комплекс. НИИ
650 1 4 _aМикроорганизмы почвы
650 4 _aПочвы - Микробиологические процессы
710 2 _aХабаровский комплексный научно-исследовательский ин-т Дальневосточного научного центра АН СССР
942 _2udc
_cBK
090 _c29034
999 _c28662
_d28662